Total synthesis of natural products. V 3 (Record no. 26996)

MARC details
000 -LEADER
fixed length control field 00340nam a2200133Ia 4500
082 ## - DEWEY DECIMAL CLASSIFICATION NUMBER
Classification number 547.9
Item number APS.3
245 #0 - TITLE STATEMENT
Title Total synthesis of natural products. V 3
260 ## - PUBLICATION, DISTRIBUTION, ETC. (IMPRINT)
Place of publication New York
Name of publisher John Wiley
650 ## - SUBJECT ADDED ENTRY--TOPICAL TERM
Topical Term Organic chemistry
650 ## - SUBJECT ADDED ENTRY--TOPICAL TERM
Topical Term Synthesis
700 ## - ADDED ENTRY--PERSONAL NAME
Personal name Apsimon, John
942 ## - ADDED ENTRY ELEMENTS (KOHA)
Koha item type Books
Holdings
Withdrawn status Lost status Damaged status Not for loan Home library Current library Date acquired Cost, normal purchase price Full call number Accession Number Koha item type
        RRII Library RRII Library 16/12/2021 35.00 547.9 APS.3 07627 Books